LEADER 02008nas 2200601- 450 001 996303049103316 005 20230221213022.0 011 $a2804-6250 035 $a(OCoLC)1111660981 035 $a(CKB)4100000008878841 035 $a(CONSER)--2022242559 035 $a(EXLCZ)994100000008878841 100 $a20190806a20069999 --- a 101 0 $afre 135 $aur||||||||||| 181 $ctxt$2rdacontent 182 $cc$2rdamedia 183 $acr$2rdacarrier 200 00$aCollection du CEPREMAP 210 1$aParis :$cÉditions Rue d'Ulm-Presses de l'École normale supérieure,$d2006- 215 $a1 online resource 300 $aEach volume has a distinctive title. 311 $a1951-7637 517 1 $aCollection du Centre pour la recherche économique et ses applications 517 1 $aOpuscules du CEPREMAP 531 1 $aCollect. CEPREMAP 606 $aEconomic policy$xMathematical models$vPeriodicals 606 $aEconomic policy$vPeriodicals 606 $aEconomic development$vPeriodicals 606 $aPolitique économique$vPériodiques 606 $aDéveloppement économique$vPériodiques 606 $aEconomic policy$xMathematical models$2fast$3(OCoLC)fst00902043 606 $aEconomic development$2fast$3(OCoLC)fst00901785 606 $aEconomic policy$2fast$3(OCoLC)fst00902025 608 $aPeriodical 608 $aperiodicals.$2aat 608 $aPeriodicals.$2fast 608 $aPeriodicals.$2lcgft 608 $aPériodiques.$2rvmgf 615 0$aEconomic policy$xMathematical models 615 0$aEconomic policy 615 0$aEconomic development 615 6$aPolitique économique 615 6$aDéveloppement économique 615 7$aEconomic policy$xMathematical models. 615 7$aEconomic development. 615 7$aEconomic policy. 676 $a338.9 712 02$aCEPREMAP (Center), 906 $aJOURNAL 912 $a996303049103316 996 $aCollection du Cepremap$91936796 997 $aUNISA LEADER 02889oas 2201201 a 450 001 9910146885503321 005 20260218111736.0 011 $a1476-5500 035 $a(DE-599)ZDB2004200-0 035 $a(OCoLC)42895504 035 $a(CONSER) 2008242167 035 $a(CKB)954925568785 035 $a(DE-599)2004200-0 035 $a(EXLCZ)99954925568785 100 $a19991129a19949999 sy 101 0 $aeng 135 $aurmnu|||||||| 181 $ctxt$2rdacontent 182 $cc$2rdamedia 183 $acr$2rdacarrier 200 00$aCancer gene therapy 210 $a[Houndmills, Basingstoke, Hampshire, UK] $cStockton Press 215 $a1 online resource 300 $aRefereed/Peer-reviewed 311 08$a0929-1903 606 $aCancer$xGene therapy$vPeriodicals 606 $aGene therapy$vPeriodicals 606 $aGenetic Therapy 606 $aNeoplasms$xtherapy 606 $aCancer$xThe?rapie ge?nique$vPe?riodiques 606 $aThe?rapie ge?nique$vPe?riodiques 606 $aThe?rapie ge?nique 606 $aGenetics & Genomics$2ebps 606 $aOncology$2ebps 606 $aCancer$xGene therapy$2fast$3(OCoLC)fst00845367 606 $aGene therapy$2fast$3(OCoLC)fst00939638 608 $aPeriodical. 608 $aperiodicals.$2aat 608 $aPeriodicals.$2fast 608 $aPeriodicals.$2lcgft 608 $aPe?riodiques.$2rvmgf 615 0$aCancer$xGene therapy 615 0$aGene therapy 615 2$aGenetic Therapy. 615 2$aNeoplasms$xtherapy. 615 6$aCancer$xThe?rapie ge?nique 615 6$aThe?rapie ge?nique 615 6$aThe?rapie ge?nique. 615 7$aGenetics & Genomics. 615 7$aOncology. 615 7$aCancer$xGene therapy. 615 7$aGene therapy. 676 $a616.99406 801 0$bF#A 801 1$bF#A 801 2$bOCLCQ 801 2$bMXC 801 2$bOCLCQ 801 2$bHUA 801 2$bOCLCQ 801 2$bDLC 801 2$bMYG 801 2$bOCLCQ 801 2$bTEU 801 2$bUKMGB 801 2$bOCLCQ 801 2$bOCLCF 801 2$bOCLCQ 801 2$bSCB 801 2$bOCLCO 801 2$bOCLCA 801 2$bWT2 801 2$bOCLCQ 801 2$bOCLCO 801 2$bOCLCQ 801 2$bOCLCA 801 2$bU3W 801 2$bOCLCQ 801 2$bOCLCO 801 2$bAU@ 801 2$bOCLCO 801 2$bWYU 801 2$bOCLCO 801 2$bOCLCA 801 2$bVT2 801 2$bOCLCO 801 2$bSFB 801 2$bOCLCQ 801 2$bOCLCO 801 2$bLDP 801 2$bCNMTR 801 2$bSRU 801 2$bOCLCQ 801 2$bOCLCL 801 2$bCSU 801 2$bLIP 801 2$bXFH 801 2$bUWO 801 2$bOCLCQ 906 $aJOURNAL 912 $a9910146885503321 996 $aCancer gene therapy$9796651 997 $aUNINA